Landen van de Wereld - Typ de Eerste Letter - Statistieken

Algemene statistieken
  • Deze quiz is 2.254 keer genomen
  • De gemiddelde score is 130 van 196
Antwoorden op de kaart
Antwoorden kleurgecodeerd door een groen-rode schaal op de quizkaart volgens % correct hieronder.
 
Antwoordstatistieken
Land % Correct
Zweden
70%
Angola
69%
België
69%
Bolivia
69%
Bulgarije
69%
Colombia
69%
IJsland
69%
Iran
69%
Letland
69%
Madagaskar
69%
Marokko
69%
Nederland
69%
Noord-Korea
69%
Oman
69%
San Marino
69%
Turkije
69%
Verenigd Koninkrijk
69%
Australië
68%
Canada
68%
Chili
68%
China
68%
Denemarken
68%
Duitsland
68%
Estland
68%
Filipijnen
68%
Finland
68%
Frankrijk
68%
Ghana
68%
Hongarije
68%
Ierland
68%
India
68%
Indonesië
68%
Irak
68%
Jemen
68%
Libië
68%
Litouwen
68%
Malta
68%
Micronesia
68%
Mongolië
68%
Nepal
68%
Oostenrijk
68%
Qatar
68%
Rusland
68%
Slovenië
68%
Slowakije
68%
Spanje
68%
Tsjechië
68%
Verenigde Staten
68%
Vietnam
68%
Algerije
67%
Argentinië
67%
Bangladesh
67%
Bhutan
67%
Brazilië
67%
Centraal-Afrikaanse Republiek
67%
Cuba
67%
Cyprus
67%
Democratische Republiek Congo
67%
Egypte
67%
Eswatini
67%
Ethiopië
67%
Griekenland
67%
Italië
67%
Japan
67%
Jordanië
67%
Kaapverdië
67%
Kazachstan
67%
Kirgizië
67%
Kroatië
67%
Laos
67%
Libanon
67%
Liechtenstein
67%
Luxemburg
67%
Malawi
67%
Maldiven
67%
Mali
67%
Mauritanië
67%
Mexico
67%
Montenegro
67%
Namibië
67%
Nicaragua
67%
Nieuw-Zeeland
67%
Noord-Macedonië
67%
Pakistan
67%
Panama
67%
Papoea-Nieuw-Guinea
67%
Peru
67%
Polen
67%
Portugal
67%
Roemenië
67%
Saoedi-Arabië
67%
Sao Tomé en Principe
67%
Senegal
67%
Singapore
67%
Somalië
67%
Suriname
67%
Syrië
67%
Tadzjikistan
67%
Thailand
67%
Togo
67%
Tsjaad
67%
Vaticaanstad
67%
Venezuela
67%
Verenigde Arabische Emiraten
67%
Zuid-Afrika
67%
Zuid-Korea
67%
Afghanistan
66%
Albanië
66%
Andorra
66%
Armenië
66%
Azerbeidzjan
66%
Belarus
66%
Belize
66%
Bosnië en Herzegovina
66%
Botswana
66%
Brunei
66%
Costa Rica
66%
Ecuador
66%
Eritrea
66%
Fiji
66%
Guatemala
66%
Guinee
66%
Guyana
66%
Israël
66%
Koeweit
66%
Kosovo
66%
Lesotho
66%
Maleisië
66%
Marshalleilanden
66%
Moldavië
66%
Mozambique
66%
Noorwegen
66%
Oezbekistan
66%
Oost-Timor
66%
Paraguay
66%
Samoa
66%
Servië
66%
Soedan
66%
Sri Lanka
66%
Tanzania
66%
Tunesië
66%
Uruguay
66%
Zimbabwe
66%
Zwitserland
66%
Bahrein
65%
Barbados
65%
Benin
65%
Cambodja
65%
Comoren
65%
Djibouti
65%
Dominicaanse Republiek
65%
Equatoriaal-Guinea
65%
Gabon
65%
Georgië
65%
Haïti
65%
Honduras
65%
Ivoorkust
65%
Jamaica
65%
Kenia
65%
Mauritius
65%
Monaco
65%
Myanmar
65%
Niger
65%
Nigeria
65%
Oeganda
65%
Oekraïne
65%
Palau
65%
Republiek Congo
65%
Saint Kitts en Nevis
65%
Saint Vincent en de Grenadines
65%
Salomonseilanden
65%
Taiwan
65%
Turkmenistan
65%
Tuvalu
65%
Vanuatu
65%
Zambia
65%
Zuid-Soedan
65%
Antigua en Barbuda
64%
Bahama's
64%
Burkina Faso
64%
Burundi
64%
El Salvador
64%
Gambia
64%
Guinee-Bissau
64%
Seychellen
64%
Sierra Leone
64%
Tonga
64%
Kameroen
63%
Kiribati
63%
Liberia
63%
Nauru
63%
Rwanda
63%
Saint Lucia
63%
Grenada
62%
Trinidad en Tobago
62%
Dominica
61%
Geen overeenkomende quizzen gevonden
Scoreverdeling
Procent van Mensen met Elke Score
Percentiel versus Aantal Correcte Antwoorden
Uw Scoregeschiedenis
U heeft deze quiz nog niet genomen